00960nam a22002657a 450000500170000000800410001702000180005804000210007604100080009708200130010524501240011825000120024226000380025430000100029265000450030270000310034770000260037870000270040470000240043170000300045570000350048594200120052099900170053295201450054920240927070523.0240927b |||||||| |||| 00| 0 eng d a9789393652300 aIN-DiNCcIN-DiNC deng a030bNIY aNiyog sambhar (tritiyo aru chaturtha bargar 12600 ta podot nijukti pariksha 2024)/ced. by Mustafizur Rahman and others a2nd ed. aGuwahati:bPP publication,c2023. a304p. aState level recruitment examination 2024 aRahman, MustafizureEditor aDas, BiswajiteEditor aPhukan, BhadraeEditor aDas, SabitaeEditor aBordoloi, DibakareEditor aChetry, Krishna KumarieEditor 2ddccBK c11998d11998 00102ddc40708GENaMAINbMAINcGENd2024-09-27g350.00l8o030 NIYp30390q2026-05-30r2026-05-12 06:10:32s2026-05-12t1w2024-09-27yBK